Návrh dopravníka pre automatizovaný výrobný systém : Bakalárska práca

Na minha lista:
Detalhes bibliográficos
Autor principal: Hranák, Jozef (Author)
Outros Autores: Charbulová, Marcela (xxx)
Formato: Manuscrito Livro
Idioma:eslovaco
Publicado em: Trnava : STU v Bratislave MtF KTZS, 2004
Assuntos:
Tags: Adicionar Tag
Sem tags, seja o primeiro a adicionar uma tag!

MARC

LEADER 00000ntm a22000003a 4500
001 stu89776
005 20200715133236.1
008 040831s2004----xo------------------slo-d
040 |a STU  |b slo 
041 0 |a slo 
044 |a xo 
100 1 |a Hranák, Jozef  |4 aut 
245 1 |a Návrh dopravníka pre automatizovaný výrobný systém :  |b Bakalárska práca 
260 |a Trnava :  |b STU v Bratislave MtF KTZS,  |c 2004 
300 |a 44 s  |c príl., CD 
650 7 |a technologické zariadenia a systémy  |2 stusub 
650 7 |a dopravníky  |2 stusub 
700 1 |a Charbulová, Marcela  |4 xxx  |u M170  |U MTF Ústav výrobných systémov a aplikovanej mechaniky  |T MTF Katedra technologických zariadení a systémov  |X 4306  |U M170  |Y M170  |7 A000004306 
996 |b 284M060196  |c M*BP-575  |l MMSKP  |s P  |a 0  |w stu89776_0001